Szczegóły MARC21

Mikroekonomia : przewodnik do proseminarium dla studentów zaocznych studiów ekonomicznych /

003 -Nazwa inst., której nr kontr. jest w polu 001 [,]
    • @
    • Nazwa instytucji, której n kontrolny jest w polu 001
    • NUKAT
005 -DATA I CZAS OSTATNIEJ MODYFIKACJI [,]
    • @
    • pole kontrolne
    • 20241231100947.0
040 -Instytucja sporządzająca opis [ , ]
    • a
    • Instytucja, która sporządziła opis (NP)
    • WA U/JL
    • c
    • Instytucja, która sporządziła rekord (NP)
    • WA U/JLs
    • d
    • Instytucja, która zmodyfikowała rekord (P)
    • WA U/EBA
942 -Rodzaj dokumentu [ , ]
    • c
    • Rodzaj dokumentu
    • Książka
100 -Hasło główne - nazwa osobowa [1, ]
    • a
    • Nazwa osobowa (NP)
    • Kopycińska, Danuta.
    • 9
    • KHW
    • 1705
245 -Strefa tytułu i oznaczenia odpowiedzialności [1,0]
    • a
    • Tytuł
    • Mikroekonomia : Find
    • b
    • Ciąg dalszy tytułu (NP)
    • przewodnik do proseminarium dla studentów zaocznych studiów ekonomicznych / Find
    • c
    • Pozostałe elementy strefy tytułu i oznaczenia odpowiedzialności (NP)
    • Danuta Kopycińska ; Uniwersytet Szczeciński.
260 -Strefa adresu wydawniczego [ , ]
    • a
    • Miejsce wydania (P)
    • Szczecin :
    • b
    • Nazwa wydawcy (P)
    • Wydawnictwo Naukowe Uniwersytetu Szczecińskiego,
    • c
    • Data wydania (P)
    • 1992.
300 -Strefa opisu fizycznego [ , ]
    • a
    • Określenie formy książki i/lub objętość (NP)
    • 109 s. ;
    • c
    • Format (NP)
    • 24 cm.
336 -Typ zawartości [ , ]
    • a
    • Termin opisujący typ zawartości
    • Tekst
    • b
    • Kod określający zawartość
    • txt
    • 2
    • Źródło (terminu i kodu)
    • rdacontent
337 -Typ mediów [ , ]
    • a
    • Tryb odtwarzania
    • Bez urządzenia pośredniczącego
    • b
    • Kod typu mediów
    • n
    • 2
    • Źródło (terminu i kodu)
    • rdamedia
338 -Typ/rodzaj nośnika [ , ]
    • a
    • Hasło opisujące typ nośnika
    • Wolumin
    • b
    • Kod typu nośnika
    • nc
    • 2
    • Źródło (terminu i kodu)
    • rdacarrier
080 -Uniwersalna Klasyfikacja Dziesiętna [ , ]
    • a
    • Symbol klasyfikacji
    • 330.101.542
    • 9
    • UKD
    • 2947
    • 2
    • Identyfikator wydania tablic
    • UDC-P058
    • b
    • Dopowiedzenie
    • Mikroekonomia.
650 -Hasło przedmiotowe [ ,7]
    • a
    • Hasło przedmiotowe
    • Mikroekonomia
    • v
    • Określnik formalny
    • zadania i ćwiczenia.
    • 2
    • Źródło terminu
    • kaba
    • 9
    • KHW
    • 355569
650 -Hasło przedmiotowe [ ,7]
    • a
    • Hasło przedmiotowe
    • Mikroekonomia
    • v
    • Określnik formalny
    • podręczniki akademickie.
    • 2
    • Źródło terminu
    • kaba
    • 9
    • KHW
    • 352804
980 -Symbol UKD [ , ]
    • a
    • UKD
    • 330.101.542
710 -Hasło dodatkowe - nazwa ciała zbiorowego [2, ]
    • a
    • Nazwa ciała zbiorowego lub nazwa geograficzna jako pierwszy element (NP)
    • Uniwersytet Szczeciński.
    • b
    • Nazwa jednostki podrzędnej (P)
    • Wydawnictwo Naukowe.
    • 4
    • Kod relacji
    • pbl
    • 9
    • KHW
    • 51208
Sygnatura Numer inwentarzowy Status udost. Data inwentaryzacji Lokalizacja
 E.61014-21996-09-19BE
 S.7418421996-09-19BE
 S.7418521996-09-19BE
 S.7418621996-09-19BE
 S.7418721996-09-19BE
 S.7418821996-09-19BE
 S.7418921996-09-19BE
 S.7419921996-09-19BE
 S.7420021996-09-19BE
 S.7420121996-09-19BE
 S.7420221996-09-19BE
 S.7420321996-09-19BE
 S.7420421996-09-19BE
 S.7420521996-09-19BE
 S.7420621996-09-19BE
 E.63772-21996-09-19BE
 S.7900321996-09-19BE
 S.7900421996-09-19BE
 S.7900521996-09-19BE
 S.7900621996-09-19BE
 S.7900721996-09-19BE
 S.7900821996-09-19BE
 S.79009-31996-09-19BE
 S.7419021996-09-19BE
 S.7419121996-09-19BE
 S.7419221996-09-19BE
 S.7419321996-09-19BE
 S.7419421996-09-19BE
 S.7419521996-09-19BE
 S.7419621996-09-19BE
 S.7419721996-09-19BE
 S.7419821996-09-19BE
 S.74207-111996-09-19BE
 S.74208-111996-09-19BE
 TS.74209-111996-09-19T
 TS.74210-111996-09-19T
 TS.74211-111996-09-19T
 TS.74212-111996-09-19T
 TS.74213-111996-09-19T
 TS.74214-111996-09-19T
 TS.74215-111996-09-19T
 TS.74216-111996-09-19T
 TS.74218-111996-09-19T
 TS.74217-111996-09-19T
 TS.74219-111996-09-19T
 TS.74220-111996-09-19T
 TS.74221-111996-09-19T
 TS.74222-111996-09-19T
 TS.74223-111996-09-19T
T.3336T.3336-32000-11-03T